Vinárstvo Častá
Na minha lista:
| Autor principal: | |
|---|---|
| Outros Autores: | |
| Formato: | Manuscrito Livro |
| Idioma: | eslovaco |
| Publicado em: |
2015
|
| Assuntos: | |
| Acesso em linha: | http://is.stuba.sk/zp/portal_zp.pl?podrobnosti=110580 https://opac.crzp.sk/?fn=detailBiblioForm&sid=78283B71680DBAF21C4AD61D22D4 |
| Tags: |
Sem tags, seja o primeiro a adicionar uma tag!
|
MARC
| LEADER | 00000ntm a22000003a 4500 | ||
|---|---|---|---|
| 001 | stuzp51198 | ||
| 003 | SK-STU | ||
| 005 | 20231114134619.1 | ||
| 007 | ta | ||
| 008 | 150427s2015----xo-----f-mn---000-0-slo-d | ||
| 040 | |a STU |b slo | ||
| 041 | 0 | |a slo | |
| 100 | 1 | |a Varju, Tomáš |u 010180 |4 aut |U SvF Stavebná fakulta |T SvF Katedra konštrukcií pozemných stavieb |X 59378 |U V180 |Y 18 |7 A000059378 | |
| 242 | 0 | 1 | |a Winery Častá |y eng |
| 245 | 1 | 0 | |a Vinárstvo Častá |
| 260 | |c 2015 | ||
| 650 | 4 | |a vinárstvo |2 slo | |
| 650 | 4 | |a diplomová práca |2 slo | |
| 650 | 4 | |a Častá |2 slo | |
| 650 | 4 | |a winery |2 eng | |
| 650 | 4 | |a master work |2 eng | |
| 650 | 4 | |a Častá |2 eng | |
| 700 | 1 | |a Vargová, Andrea |4 ths |X 618 |7 A000000618 | |
| 856 | 4 | |u http://is.stuba.sk/zp/portal_zp.pl?podrobnosti=110580 | |
| 856 | 4 | |u https://opac.crzp.sk/?fn=detailBiblioForm&sid=78283B71680DBAF21C4AD61D22D4 | |
| SQL | |a stuzp51198 |b DDP |c SLO |d Vinárstvo Častá |e 59378 |f Varju, Tomáš |g 010180 |h 618 |i Vargová, Andrea |j 20150618 |k 8 |l 01 |m http://is.stuba.sk/zp/portal_zp.pl?podrobnosti=110580 |n I-AKP |o 5.1.4. pozemné stavby | ||